000 00542nam a2200217Ia 4500
003 OSt
005 20220928143300.0
006 a|||||r|||| 00| 0
007 ta
008 220927b |||||||| |||| 00| 0 eng d
024 _a21531
037 _cTextual
040 _aSDCL
_cSDCL
_beng
041 _2eng
_aeng
082 _aO151:3, K0
100 _aSen Sukumar
_9502455
245 0 _aComparative grammar of middle Indo- Aryan.
260 _c1960
942 _hO151:3, K0
_cTEXL
_2CC
999 _c823570
_d823570